| 000 | 00770nam a2200253 4500 | ||
|---|---|---|---|
| 999 |
_c8505 _d8505 |
||
| 001 | 22239 | ||
| 003 | BD-DhUAP | ||
| 005 | 20240520161821.0 | ||
| 008 | 240520b2024 ii a|||| |||| 001 0aeng d | ||
| 020 | _a9789355326478 | ||
| 020 | _a9355326575 | ||
| 040 |
_aBD-DhUAP _bEng _cBD-DhUAP _dBD-DhUAP _eBD-DhUAP |
||
| 082 |
_223 _a005.133 SCH |
||
| 100 | _aSchildt, Herbert. | ||
| 245 |
_aJava : _bthe complete reference / _cHerbert Schildt & Dr.Danny Coward . |
||
| 250 | _a13 th ed. | ||
| 260 |
_aNew Delhi : _b McGraw-Hill Education, _c2024. |
||
| 300 |
_axxxiii, 1245 pages : _billustrations ; _c24 cm. |
||
| 504 | _aInclude Index . | ||
| 650 | _aJava (Computer program language). | ||
| 650 | _aInternet programming. | ||
| 700 | _aDr. Danny Coward . | ||
| 942 |
_2ddc _cBK |
||